00581nam a2200133Ia 4500008004100000100002600041245010900067245012200176260005300298260000900351300001100360650001500371856006100386170221s9999 xx 000 0 und d aLyudmila M. Ogorodova aModel Breakthrough Technologies as a Tool to Support Import Substitution in the Pharmaceutical Industry  cLyudmila M. Ogorodova, Zakhar M. Golant, Igor N. Tarasov, Igor A. Narkevich, Aleksandr A. Lin, Nadezhda S. Kartashova bInternational Review of Management and Marketing c2016 a6 : 1S xMarketing. uhttp://www.econjournals.com/index.php/irmm/issue/view/70